Random actors and actresses by name - Statistics

General Stats
  • This quiz has been taken 127 times
    87 since last reset
  • The average score is 9 of 20
Answer Stats
Picture Answer % Correct
Al Pacino
100%
Cillian Murphy
100%
Hugh Jackman
100%
Scarlett Johansson
100%
Jared Leto
92%
Keanu Reeves
92%
Helena Bonham Carter
91%
Benedict Cumberbatch
89%
Ryan Reynolds
88%
Harisson Ford
87%
Ana de Armas
83%
Pedro Pascal
83%
Rami Malek
83%
Christopher Waltz
80%
Emily Blunt
80%
Meryl Streep
80%
Rachel McAdams
80%
Sandra Bullock
80%
Eddie Redmayne
78%
Tom Hardy
77%
Julianne Moore
75%
Kate Winslet
75%
Michael B Jordan
71%
Charlize Theron
67%
Jonah Hill
67%
Mark Hamill
67%
Martin Freeman
67%
Gary Oldman
63%
Joachim Phoenix
63%
Kathy Bates
63%
Christina Ricci
60%
Idris Elba
60%
Jeremy Renner
60%
Javier Bardem
58%
Ralph Fiennes
58%
Florence Pugh
57%
Antonio Banderas
56%
Colin Firth
56%
Daniel Day-Lewis
55%
Carrie Fisher
54%
Colin Farrell
50%
Donald Glover
50%
Nicole Kidman
50%
Viola Davis
50%
Ben Kingsley
46%
Eva Green
45%
Glenn Close
45%
Anya Taylor-Joy
44%
Saoirse Ronan
44%
Monica Belluci
43%
Taron Egerton
43%
Olivia Colman
40%
Rosamund Pike
40%
Chadwick Boseman
38%
Hailee Steinfeld
38%
Hugo Weaving
38%
Carey Mulligan
33%
John Cho
33%
Laura Linney
33%
maisie williams
33%
Michael Fassbender
33%
Naomi Watts
33%
Zoe Kravitz
33%
Kit Harington
30%
Lily James
30%
Isla Fisher
29%
Lena Headey
27%
Sophie Turner
27%
Catherine Deneuve
25%
Diego Luna
25%
Melissa Mccarthy
25%
Sandra Oh
25%
Sigourney Weaver
25%
Daisy Ridley
22%
Tilda Swinton
22%
Claire Foy
20%
Guy Pearce
20%
Rooney Mara
20%
Beanie Feldstein
17%
John Boyega
13%
Awkwafina
11%
Elisabeth Moss
11%
Juliette Binoche
11%
Allison Janney
10%
Matthias Schoenaerts
10%
Melanie Laurent
10%
Sam Heughan
10%
Isabella Rossellini
8%
Richard Madden
8%
Berenice Bejo
0%
Domhnall Gleeson
0%
Emily Mortimer
0%
Hiroyuki Sanada
0%
Hong Chau
0%
Ken Watanabe
0%
Octavia Spencer
0%
Olga Kurylenko
0%
Rosario Dawson
0%
Sally Hawkins
0%
No matching quizzes found
Score Distribution
Percent of People with Each Score
Percentile by Number Answered
Your Score History
You have not taken this quiz since the last reset